| 000 -LEADER |
| fixed length control field |
01738nam a2200445 i 4500 |
| 001 - CONTROL NUMBER |
| control field |
019561313 |
| 003 - CONTROL NUMBER IDENTIFIER |
| control field |
UkOxU |
| 005 - DATE AND TIME OF LATEST TRANSACTION |
| control field |
20190904100752.0 |
| 008 - FIXED-LENGTH DATA ELEMENTS--GENERAL INFORMATION |
| fixed length control field |
140325s2006 enk e 000 1 eng |
| 020 ## - INTERNATIONAL STANDARD BOOK NUMBER |
| International Standard Book Number |
9780099588115 |
| 020 ## - INTERNATIONAL STANDARD BOOK NUMBER |
| International Standard Book Number |
0099588110 |
| 040 ## - CATALOGING SOURCE |
| Original cataloging agency |
UkOxU |
| Language of cataloging |
eng |
| Description conventions |
rda |
| Transcribing agency |
UkOxU |
| 082 ## - DEWEY DECIMAL CLASSIFICATION NUMBER |
| Classification number |
FIC CAR |
| 100 1# - MAIN ENTRY--PERSONAL NAME |
| Personal name |
Carter, Angela, |
| Dates associated with a name |
1940-1992, |
| Relator term |
author. |
| 245 14 - TITLE STATEMENT |
| Title |
The bloody chamber : |
| Remainder of title |
and other stories / |
| Statement of responsibility, etc. |
Angela Carter ; with an introduction by Helen Simpson. |
| 264 #1 - PRODUCTION, PUBLICATION, DISTRIBUTION, MANUFACTURE, AND COPYRIGHT NOTICE |
| Place of production, publication, distribution, manufacture |
London : |
| Name of producer, publisher, distributor, manufacturer |
Vintage Books, |
| Date of production, publication, distribution, manufacture, or copyright notice |
2006. |
| 264 #4 - PRODUCTION, PUBLICATION, DISTRIBUTION, MANUFACTURE, AND COPYRIGHT NOTICE |
| Date of production, publication, distribution, manufacture, or copyright notice |
©2006 |
| 300 ## - PHYSICAL DESCRIPTION |
| Extent |
xix, 149 pages ; |
| Dimensions |
20 cm |
| 336 ## - CONTENT TYPE |
| Content type term |
text |
| Source |
rdacontent |
| 337 ## - MEDIA TYPE |
| Media type term |
unmediated |
| Source |
rdamedia |
| 338 ## - CARRIER TYPE |
| Carrier type term |
volume |
| Source |
rdacarrier |
| 490 1# - SERIES STATEMENT |
| Series statement |
Vintage classics |
| 500 ## - GENERAL NOTE |
| General note |
"First published in Great Britain by Victor Gollancz Ltd., 1979. First published by Vintage in 1995" -- title page verso. |
| 520 ## - SUMMARY, ETC. |
| Summary, etc. |
From familiar fairy tales and legends - Red Riding Hood, Bluebeard, Puss in Boots, Beauty and the Beast, vampires and werewolves |
| 650 #0 - SUBJECT ADDED ENTRY--TOPICAL TERM |
| Topical term or geographic name entry element |
Fairy tales |
| General subdivision |
Psychological aspects. |
| 650 #0 - SUBJECT ADDED ENTRY--TOPICAL TERM |
| Topical term or geographic name entry element |
Symbolism in fairy tales |
| Form subdivision |
Fiction. |
| 700 ## - ADDED ENTRY--PERSONAL NAME |
| Personal name |
Simpson,Helen |
| Relator term |
Writer of introduction |
| 830 #0 - SERIES ADDED ENTRY--UNIFORM TITLE |
| Uniform title |
Vintage classics (London, England) |
| 942 ## - ADDED ENTRY ELEMENTS (KOHA) |
| Source of classification or shelving scheme |
|
| Koha item type |
Books - Fiction |